000 00297nam a22001337a 4500
008 170418b xxu||||| |||| 00| 0 eng d
020 _a9780078255533
041 _aeng
080 _a573
100 _a11
101 _aSHM
245 _aLIFE'S STRUCTURE AND FUNCTION
_cBIGGS, A
942 _2udc
_cBK
999 _c10995
_d10995